| 000 | 00000nam##2200000za#4500 |
| 001 | 9.640482 |
| 003 | CaOODSP |
| 005 | 20210624222706 |
| 007 | cr ||||||||||| |
| 008 | 150407|1999||||xxc|||||o f|0| 0 fre|d |
| 040 | |aCaOODSP|bfre |
| 043 | |an-cn--- |
| 086 | 1 |aH39-473/1999F-PDF |
| 110 | 1 |aCanada. |bSanté Canada. |
| 245 | 10|aExamen systématique du lien entre les blessures chez les enfants et le statut socioéconomique / |h[ressource électronique]|c[par] Morag MacKay ... [et al.]. |
| 260 | |aOttawa - Ontario : |bSanté Canada |cc1999. |
| 300 | |a54p.|bréférences, tableau |
| 500 | |aLe n° de catalogue (H39-473/1999F) et l'ISBN (0-662-83667-7) de l'édition imprimée ont été incorrectement copiés dans l'édition électronique. |
| 590 | |a12-30-Supp|b2012-06-28 |
| 691 | 07|aBlessure|2gcpds |
| 691 | 07|aIndicateurs sociaux|2gcpds |
| 691 | 07|aSécurité de l'enfant|2gcpds |
| 720 | 1 |aMacKay, Morag |
| 775 | 08|tSystematic review of the relationship between childhood injury and socio-economic status / |w(CaOODSP)9.696366 |
| 776 | 0#|tExamen systématique du lien entre les blessures chez les enfants et le statut socio-économique / |w(CaOODSP)9.680743 |
| 856 | 40|ahttp://publications.gc.ca|qPDF|s213 Ko|uhttps://publications.gc.ca/collections/Collection/H39-473-1999F.pdf |